| 000 | 00000cas 2200000zi 4500 |
| 001 | 9.933168 |
| 003 | CaOODSP |
| 005 | 20251210094454 |
| 006 | m o d f |
| 007 | cr ||||||||||| |
| 008 | 240130c20239999sncar p o f0###b0fre|d |
| 040 | |aCaOODSP|bfre|erda|cCaOODSP |
| 043 | |an-cn--- |
| 086 | 1 |aCC211-10F-PDF |
| 110 | 2 |aFinancement agricole Canada.|eauteur, |eorganisme de publication. |
| 245 | 10|aRapport annuel sur l'application de la Loi sur l'accès à l'information : |bpour la période 1er avril ... au 31 mars ... |
| 246 | 13|aRapport annuel sur l'application de la Loi sur l'accès à l'information : |bpour la période du 1er avril ... au 31 mars ... |
| 264 | 1|a[Régina] : |bFinancement agricole Canada, |c[2023]- |
| 310 | |aAnnuel |
| 336 | |atexte|btxt|2rdacontent/fre |
| 337 | |ainformatique|bc|2rdamedia/fre |
| 338 | |aressource en ligne|bcr|2rdacarrier/fre |
| 362 | 1 |aParaît depuis : 2022/2023. |
| 500 | |aPublié aussi en anglais sous le titre : Annual report on the administration of the Access to Information Act: for the period April 1 ... to March 31 ... |
| 515 | |aL'année d'activité se termine le 31 mars. |
| 588 | |aDescription d'après : 2022/2023. |
| 588 | |aDernière livraison consultée : 2022/2023. |
| 610 | 26|aFinancement agricole Canada|vPériodiques. |
| 610 | 16|aCanada. |tLoi sur l'accès à l'information|vPériodiques. |
| 650 | 6|aInformation sur l'État|zCanada|vPériodiques. |
| 650 | 6|aLiberté d'information|zCanada|vPériodiques. |
| 655 | 7|aPériodiques|2rvmgf |
| 775 | 08|tAnnual report on the administration of the Access to Information Act : |w(CaOODSP)9.933157 |